Rivières Françaises - Mort Subite - Statistiques

Statistiques générales
  • Ce quiz a été pris 143 fois
    92 depuis la dernière actualisation
  • Le résultat moyen est 5 sur 13
Answers on the Grid
Answers color-coded by a green-red scale on the quiz's grid according to % correct below.
Allier
Lippe
Sura
Kirneck
Weiss
Mulde
Gier
Pigeon
Queugne
Drave
Emme
Isle
Ubaye
Tessin
Morthe
Tom
Nara
Cher
Son
Inn
Oise
Elle
Tons
Sarthe
Isar
Zorn
 
Statistiques - réponses
Réponse % Correct
Oise
85%
Sarthe
85%
Allier
79%
Cher
76%
Isle
64%
Ubaye
33%
Elle
27%
Gier
18%
Morthe
18%
Zorn
15%
Queugne
9%
Weiss
6%
Kirneck
3%
Aucun quiz correspondant
Distribution des résultats
% des personnes avec chaque résultat
Percentile par nombre de réponses
Votre historique - résultats
Vous n’avez pas pris ce quiz depuis la dernière actualisation